000 00794cam a2200253 a 4500
999 _c523520
_d523520
001 3895920
003 NUST
005 20190328060009.0
008 900928s1990 ctuab b 001 0 eng
010 _a 90166920
020 _c$48.00
038 _aNusrat Nadeem
040 _aDLC
_cDLC
_dDLC
050 0 0 _aP93.5
_b.T84 1990
082 0 0 _a302.23
_220
100 1 _aTufte, Edward R.,
_d1942-
_914022
245 1 0 _aEnvisioning information /
_cEdward R. Tufte.
260 _aCheshire, Conn. (P.O. Box 430, Cheshire 06410) :
_bGraphics Press,
_cc1990.
300 _a126 p. :
_bill. (some col.), maps ;
_c28 cm.
504 _aIncludes bibliographical references and index.
650 0 _aVisual communication.
_914023
906 _a7
_bcbc
_corignew
_d2
_encip
_f19
_gy-gencatlg
942 _2ddc
_cBK